000 00994nam a22003257a 4500
003 UA-OsUOA
001 21129
007 ta
008 20031119b un ||||| |||| 00| 0 ukr d
100 _aЗырянов П.И.
700 _aГапоненко Л.С.
700 _aЗаболотный Г.И.
700 _aКуртов Д.И.
700 _aСамсонов А.М.
700 _aЦыбульский Е.В.
700 _aЧугаев Д.А.
700 _aЧугунов А.И.
090 _a94(47+57)"1941/1945"
_bП43
942 _cBK
040 _aUA-OsUOA
_brus
_cUA-OsUOA
_dUA-OsUOA
245 _aПограничные войска в годы Великой Отечественной войны
_bсборник документов
300 _a707 с.
_bІлюстрації
955 _a2
041 _arus
080 _a94(47+57)"1941/1945"
260 _aМосква
_bНаука
_c1968
044 _aRU
650 7 _2UDC
999 _c307322
_d307322